01232nam0a22002651 4500001001100000005001700011021001900028035002600047100004100073101000800114102000700122105001800129200019600147210009100343215002900434300009600463300002600559606009200585701002900677701012400706712007400830801001800904801002200922852002200944rc\418283520260408073053.0 aRUb[48-21494] a(NLR Aleph) 008191172 a20130415d1947 |||y0rusy50 ca0 arus aRU aa z |||||1 aТиповой проект сельского отделения связиeКаменный вариантeФронтальное решениеeТип-5fМ-во связи СССР a[МоскваcСвязьиздат]d[1947]gтиполит. "Рекламфильм" a1 л.cчерт.d92х64 aАвт. проекта: архитекторы А.М. Крылов, Ю.А. Телепнев aЛитогр. изд. aПочтовые здания, сельскиеjПроекты и чертежи2psbo 1aТелепневbЮ.А. 1aКрыловbА.М.cархитекторf1901-1978gАлександр Михайлович3RU\NLR\AUTH\77019366101aСССРbМинистерство связи3RU\NLR\AUTH\8810063633 0aRUbNLRgpsbo 1aRUbELAR2rusmarc aNLRjТ80 Г-9/92